Analýza nákladov rozpočtovej organizácie, príspevkovej organizácie a obce diplomová práca

Na minha lista:
Detalhes bibliográficos
Autor principal: Zoričák, Ondrej
Autor Corporativo: Fakulta hospodárskej informatiky EU. Katedra účtovníctva a audítorstva
Outros Autores: Kovalčíková, Antónia
Formato: Livro
Idioma:eslovaco
Publicado em: Bratislava 2016
Tags: Adicionar Tag
Sem tags, seja o primeiro a adicionar uma tag!

MARC

LEADER 00000nbm a2200000 4500
001 0219009
005 20240905112038.0
041 0 |a slo 
044 |a SK 
245 1 0 |a Analýza nákladov rozpočtovej organizácie, príspevkovej organizácie a obce  |b diplomová práca  |c Ondrej Zoričák ; školiteľ: Antónia Kovalčíková 
264 1 |a Bratislava  |c 2016 
300 |a 73 s. 
100 1 |a Zoričák, Ondrej 
700 1 |a Kovalčíková, Antónia 
710 2 |a Fakulta hospodárskej informatiky EU. Katedra účtovníctva a audítorstva